In Memoriam. Dudu
Elmentve itt :
| Szerző: | |
|---|---|
| Adatforrás: | Meister |
| Forrásdokumentuma: | sz., 1998, p. |
| Nyelv: | magyar |
| Kulcsszavak: | in memoriam OLARIU Constantin |
| LEADER | 00318nab a2200133 i 4500 | ||
|---|---|---|---|
| 001 | bibPRO00007438 | ||
| 008 | 060524s1998 xx hun | ||
| 040 | |a Sz1 | ||
| 041 | |a hun | ||
| 100 | 1 | |a SZÁSZ János | |
| 245 | 1 | 0 | |a In Memoriam. Dudu |c SZÁSZ János |
| 695 | |a in memoriam | ||
| 695 | |a OLARIU Constantin | ||
| 773 | 0 | |g sz., 1998, p. | |